Представление документа в формате RUSMARC

ПолеНазваниеЗначение
  Тип записи a
  Библиографический уровень a
001 Контрольный номер 64fd90d4ecfc413f94953c3878599d9f
005 Дата корректировки 20240723151041.4
100 Данные общей обработки __
a Данные общей обработки 20240723 ||| 0rusy0189 ca
101 Язык документа 0_
a Язык текста rus
102 Страна публикации __
a Страна публикации RU
200 Заглавие и сведения об ответственности 1_
a Заглавие Аватарка без запарки
e Сведения, относящиеся к заглавию [мобильные приложения для обработки или создания картинок с помощью ИИ]
f Первые сведения об ответственности К. Клаус
461 Уровень набора _0
1 2000
a Маруся
463 Уровень физической единицы _0
1 2000
a № 7 (375)
v С. 26-27 : ил.
1 2101
d 2024
1 0010a41022086954b3099b32cce62581f5f
606 Тематические рубрики 0_
a Основная рубрика Программирование - Мобильные приложения
610 Ключевые слова 0_
a Ключевые слова мобильные приложения, искусственный интеллект; генерация изображений, фоторедактор, обработка изображений, WOMBO (приложение), Dream Meitu (приложение), ToonMe (приложение), Fabula (приложение)
686 Индексы других классификаций __
a Классификационный индекс 32.973
700 Автор _1
a Фамилия Клаус
b Имя (инициалы) К.
g Полное личное имя Катерина
801 Источник записи _0
a Страна RU
b Организация УОБДЮ
c Дата составления 20240723
g Правила каталогизации RCR
801 Источник записи _1
a Страна RU
b Организация УОБДЮ
c Дата составления 20240723
g Правила каталогизации RCR
901 Тип документа __
t Тип документа b
w Контрольный № источника 0a41022086954b3099b32cce62581f5f
905 Данные по созданию БЗ __
b Логин пользователя, который создал БЗ ibo4
909 Создатель записи __
a Создатель записи Бобылёва И.В.
910 Корректоры записи __
a Корректор записи Бобылёва И.В.